000 00796nam a22001697a 4500
003 UA-OsUOA
001 16546
007 ta
008 20040114b un ||||| |||| 00| 0 ukr d
942 _cSA
040 _aUA-OsUOA
_cUA-OsUOA
_dUA-OsUOA
245 _aВідзнака за сумлінну працю
_b[Указом Президента України почесне звання "Засл. працівник культури України" присвоєно голові Рівнен. обл. асоціації композиторів -піснярів Нац. всеукр. спілки М.П.Корейчуку]
300 _aС.1
955 _a0
773 0 _w0
_tВісті Рівненщини
_dРівне
_d2003
_g№93/12 листоп./
650 7 _aКорейчук М.П.
_2UDC
999 _c302711
_d302711